Responses for Show #988 - Wednesday, December 14, 1988

Contestants

[<< previous game]

Tony Dalasio, an international teacher from Scranton, Pennsylvania

John Kraft, a writer from San Francisco, California

Nancy Feinstein, an emergency room nurse and travel agent from Petaluma, California

[next game >>]

Jeopardy! Round responses

CELEBRITIES
AUTOMOBILES
THE U.S. CONGRESS
ASIA
MOVIE CLASSICS
POTPOURRI
    $100 13
June Carter Cash

Tony
    $100 1
Oldsmobile

Tony
    $100 2
senators

John
    $100 7
rajas (maharajas)

Tony
    $100 26
Casablanca

John
    $100 12
(John: What is an automobile?)

your garbage

John
Triple Stumper
    $200 22
Gina Lollobrigida

Tony
    $200 18
Jeep

John
    $200 3
the Congressional Record

Tony
    $200 8
Tokyo

Tony
    $200 27
(Nancy: What is Vincent?)

Lust for Life

NancyJohn
    $200 14
beware of the dog (cave canem)

Nancy
    $300 23
(Alex: We've got a minute to go.)

Dr. Ruth Westheimer

John
    $300 19
Volvo & Saab

John
    $300 4
special session

John
    $300 9
Vietnam

Triple Stumper
    $300 28
[The end-of-round signal sounds.]

Tippi Hedren

Tony
    $300 15
(Nancy: What are French fries?)
(Alex: Be more specific.)
(Nancy: French fried potatoes?)

fish & chips

NancyJohn
    $400 24
Uri Geller

John
    $400 20
(Tony: What is the Model A?)

Lincoln Continental

Tony
Triple Stumper
    $400 5
contempt of Congress

John
    $400 10
Sri Lanka

John
    $400 16
fielder's glove (baseball glove)

Triple Stumper
    $500 25
(Alex: Oh, yes, and you got it in in the nick of time.)

Malcolm Forbes

Tony
    $500 21
(Nancy: What is BMW?)

Porsche

NancyJohn
    $500 6
(John: What is 2?)

4

John
    $500 11
Thailand

Triple Stumper
    $500 17
(Nancy: What is a comedian?)

ventriloquist

NancyJohn

Scores at the first commercial break (after clue 13):

Nancy John Tony
$0 $600 $700

Scores at the end of the Jeopardy! Round:

Nancy John Tony
-$1,300 $3,400 $1,300

Double Jeopardy! Round responses

POETRY
HISTORIC NAMES
SONG LYRICS
NORTH AMERICAN MOUNTAINS
BIRDS OF PREY
WORD PLAY
    $200 14
spring

Nancy
    $200 5
MacArthur

John
    $200 25
spender

Tony
    $200 8
Mount St. Helens

Nancy
    $200 3
roadrunner

Tony
    $200 1
Louisiana Superdome

Tony
    $400 15
(Samuel Taylor) Coleridge

John
    $400 6
(Temüjin) Genghis Khan

John
    $400 27
"The Sunny Side of the Street"

John
    $400 21
Sierra Nevada

Nancy
    $400 11
kookaburra

Tony
    $400 2
May

John
    $600 18
(Tony: What is the wolf?)
(John: What is the lion?)

tiger

NancyJohnTony
    $600 7
Susan B. Anthony

Tony
    $600 28
(Nancy: What is "You Can't Take That Away From Me"?)
(John: What is "The Memory Of All That"?)
...
[The end-of-round signal sounds.]

"They Can't Take That Away From Me"

NancyJohn
Triple Stumper
    $600 22
Mt. Rainier

Tony
    $600 12
falconry

Nancy
    $600 4
saw

John
    $800 19
the frost

Nancy
    $800 16
(John: Who is Nero?)

Caligula

JohnTony
    $1,600 23
(Tony: What is the largest mountain in the contiguous 48 states?)

highest peak in Canada

Tony
    $500 13
(Nancy: What is Montana?)

Alaska

Nancy
    $800 9
exotic travel

Nancy
    $1000 20
(Alex: The Rubáiyát of Omar Khayyám.)

in the wilderness

Nancy
    $1000 17
Meriwether Lewis

Triple Stumper
    $1000 24
(Alex: You got it and we've got a minute to go.)

Tetons

Nancy
    $1000 26
osprey

Triple Stumper
    $1000 10
(Tony: What is...nymph and...)

nymph & lymph

NancyTony

Scores at the end of the Double Jeopardy! Round:

Nancy John Tony
$4,200 $3,800 $1,100

[wagering suggestions for these scores]

Final Jeopardy! Round responses

PUBLISHING
TonyWhat is the World Series?
$299
JohnWhat is Halloween
$3,800
NancyWhat is Columbus Day?
$600
World Series

Final scores:

Nancy John Tony
$3,600 $0 $1,399
New champion: $3,600 3rd place: Ellesse sun wear glasses by Marchon 2nd place: trip to Palm Springs & stay at Ingleside Inn + Skyway luggage

Game dynamics:

Coryat scores:

Nancy John Tony
$4,700 $4,300 $2,700
11 R,
6 W
(including 1 DD)
19 R,
5 W
(including 1 DD)
15 R,
4 W
(including 1 DD)

Combined Coryat: $11,700

[game clues] [game scores] [suggest correction]

Game tape date: 1988-09-27
The J! Archive is created by fans, for fans. Scraping, republication, monetization, and malicious use prohibited; this site may use cookies and collect identifying information. See terms. The Jeopardy! game show and all elements thereof, including but not limited to copyright and trademark thereto, are the property of Jeopardy Productions, Inc. and are protected under law. This website is not affiliated with, sponsored by, or operated by Jeopardy Productions, Inc. Join the discussion at JBoard.tv.